Macroeconomics : A contemporary introduction

Αποθηκεύτηκε σε:
Λεπτομέρειες βιβλιογραφικής εγγραφής
Κύριος συγγραφέας: McEachern, William A.
Μορφή: Βιβλίο
Γλώσσα:Undetermined
Έκδοση: Victoria, Australia Thomson Learning 2004
Θέματα:
Ετικέτες: Προσθήκη ετικέτας
Δεν υπάρχουν, Καταχωρήστε ετικέτα πρώτοι!
Thư viện lưu trữ: Trung tâm Học liệu Trường Đại học Cần Thơ
LEADER 00520nam a2200193Ia 4500
001 CTU_104398
008 210402s9999 xx 000 0 und d
082 |a 339 
082 |b M141 
100 |a McEachern, William A. 
245 0 |a Macroeconomics : 
245 2 |b A contemporary introduction 
245 0 |c William A. McEachern 
260 |a Victoria, Australia 
260 |b Thomson Learning 
260 |c 2004 
650 |a Macroeconomics 
904 |i Minh 
980 |a Trung tâm Học liệu Trường Đại học Cần Thơ